| 000 | 00392 a2200145 4500 | ||
|---|---|---|---|
| 005 | 20250319133839.0 | ||
| 020 | _a0-7715-5596-2 | ||
| 082 | _a513.93 MUL | ||
| 100 | _aMULLING,G.E. | ||
| 245 | _aMathematics Management Finance. | ||
| 260 |
_aCanada, _bGage publishing Limited, _c1984. |
||
| 300 |
_axiv,690p.:Ill.;figures. _bGlossary,Index. _c23cm. |
||
| 700 | _aSTEPHEN,P.SHAO. | ||
| 942 |
_2ddc _cBKS |
||
| 999 |
_c988 _d988 |
||